000 00618nam a2200157 a 4500
008 130503s2012 ||||||||||||||||| || u
020 _a9780273742760
050 _aQD 149.5 Hou
100 _aHousecroft, Catherine E
245 1 0 _aInorganic chemistry: solutions manual. -- 4th ed.
_cby Catherine E. Housecroft
250 _a4th ed.
260 _aHarlow, England:
_bPearson Education, Inc
_c2012
300 _a400p.: ill.
650 0 _aCHEMISTRY, INORGANIC--HANDBOOKS, MANUALS, ETC
995 _FCBU-MAIN LIBRARY (Kitwe)
_M1
_UAVAILABLE
_WJun 13, 2013
_ZShort Loan Collection
999 _c47015
_d47015